1150 1063 1076 1988 1111 1221 1087 1081 1822 1099 1222 1552 1233 1687 1167 1146 1969 1483 1026 1992 1399 1985 1424 1815 1339 1834 1537 1186 1503 1855 1565 1989 1210 1579 1942 1374 1783 1827 1425 1453 1556 1325 1673 1864 1385 1847 1719 1484 1306 1165 1635 1588 1899 1624 1055 1087 1363 1705 1925 1211 1286 1259 1892 1934 1808 1445 1638 1860 1448 1859 1561 1115 1359 1960 1389 1593 1229 1680 1596 1319 1712 1846 1797 1886 1188 1749 1691 1673 1684 1334 1804 1748 1779 1153 1040 1779 1236 1101 1329 BCNSPRNW ULIB Ver.6.0+V

เปลี่ยนเป็นภาษาไทย

Change to English
 แสดงรายละเอียดบรรณานุกรม
  กลับหน้าหลัก

Brief Record : Get Marc (ISO 2709) : E-mail record : QR code < ปิดหน้าต่าง
LEADER : 00000nam 2200000uu 4500
001    13399121573
003     ULIB
008    121123s2548||||th 000 0 tha d
020    ^a9749508181
060  4 ^aWV100^bห367ส
100 0  ^aสาฑิตย์ ชัยประสิทธิกุล
245 00 ^aหู คอ จมูก /^cสาฑิตย์ ชัยประสิทธิกุล
250    ^aพิมพ์ครั้งที่ 3
260    ^aกรุงเทพฯ:^bหมอชาวบ้าน,^c2548
300    ^a124 หน้า:^bภาพประกอบ
650  7 ^aหู คอ จมูก^xโรค
945    ^p130^l0^i15222
995    ^aวิภา
999 ^a ใช้งานได้ทุกระบบ
รายการนี้ยังไม่มีแท็ก
คุณยังไม่ได้ล็อกอิน คุณสามารถมีกิจกรรมร่วมกับเว็บไซต์ได้ แต่ต้องล็อกอินก่อน ::
  ล็อกอิน

รายการสื่อสารสนเทศ

ลำดับที่ ประเภท เลขเรียก/บาร์โค้ด สถานที่ สถานะ
1. วิทยาศาสตร์การแพทย์ และสุขภาพ
วิทยาศาสตร์การแพทย์ และสุขภาพ
WV100 ห367ส  
  Barcode: 15222
ห้องสมุดวิทยาเขตสวรรค์ประชารักษ์
►หนังสือทั่วไป
บนชั้น

BibComment


ยังไม่เคยถูกคอมเมนท์

คอมเมนท์ทรัพยากรรายการนี้
  คอมเมนท์: หู คอ จมูก สาฑิ..


 Copyright 2026. Bcnsprnw @Library